| 000 | 00399nam a2200169Ia 4500 | ||
|---|---|---|---|
| 008 | 180207s9999 xx 000 0 und d | ||
| 020 | _a89565718x | ||
| 050 | _bS781 1991 | ||
| 100 | _aStahl, Dean. | ||
| 245 | _aDolphins / | ||
| 245 | _cDean Stahl. | ||
| 260 | _aOhio : | ||
| 260 | _bNewfield Publications, Inc., | ||
| 260 | _c1991 | ||
| 300 | _aunpaged : | ||
| 300 | _bcolor illustration ; | ||
| 999 |
_c355041 _d355041 |
||